[Event "119th NZL-ch op"]
[Site "Queenstown NZL"]
[Date "2012.01.16"]
[Round "2"]
[White "Lukey, Stephen"]
[Black "Dale, Ari"]
[Result "0-1"]
[WhiteElo "2261"]
[BlackElo "1994"]
[EventDate "2012.01.15"]
[PlyCount "85"]

1.Nf3 Nf6 2.c4 g6 3.Nc3 d5 4.cxd5 Nxd5 5.Qa4+ Nc6 6.Ne5 Nb4 7.a3 Bg7 8.
axb4 Bxe5 9.b5 Nd4 10.e3 Nf5 11.d4 Bg7 12.b6+ Bd7 13.bxc7 Qxc7 14.Bb5 e6 
15.Ne4 Bxb5 16.Qxb5+ Qd7 17.Qb4 Qc6 18.f3 a5 19.Qa3 e5 20.dxe5 Bxe5 21.Bd2
Qb6 22.O-O a4 23.Bb4 Qxe3+ 24.Qxe3 Nxe3 25.Rfe1 Bxb2 26.Ra2 Bd4 27.Kh1 b5 
28.Rd2 O-O-O 29.Nd6+ Rxd6 30.Bxd6 Nf5 31.Bb4 Rd8 32.Rc1+ Kb7 33.Rcd1 Rc8 
34.g4 Rc4 35.gxf5 Rxb4 36.Rxd4 Rxd4 37.Rxd4 Kc6 38.Kg2 a3 39.fxg6 hxg6 40.
Kf2 a2 41.Rd1 b4 42.Ke3 b3 43.Ra1 0-1

[Event "119th NZL-ch op"]
[Site "Queenstown NZL"]
[Date "2012.01.16"]
[Round "2"]
[White "Ly, Moulthun"]
[Black "Pinic, Noel"]
[Result "1-0"]
[WhiteElo "2376"]
[BlackElo "2066"]
[EventDate "2012.01.15"]
[PlyCount "120"]

1.Nf3 Nf6 2.c4 c5 3.g3 g6 4.Bg2 Bg7 5.O-O O-O 6.d4 cxd4 7.Nxd4 Nc6 8.Nc2 
d6 9.Nc3 Be6 10.b3 Qd7 11.Re1 Bh3 12.Bh1 Ng4 13.Bb2 Rfe8 14.f3 Nf6 15.Rb1 
Rad8 16.Nd5 Nxd5 17.cxd5 Ne5 18.f4 Ng4 19.Bxg7 Kxg7 20.Qd4+ Kg8 21.Na3 Rc8
22.Nc4 Rc7 23.a4 Rec8 24.a5 Rc5 25.Bf3 Qb5 26.Qd2 R5c7 27.e3 Nf6 28.Qd4 
Qb4 29.e4 Rc5 30.e5 Ng4 31.Red1 Nh6 32.Qd2 Qxd2 33.Rxd2 Rd8 34.Re1 Kf8 35.
Re3 Rc7 36.Be2 Nf5 37.Red3 h5 38.Bf3 Rc5 39.Be4 Rc7 40.g4 hxg4 41.Bxf5 
gxf5 42.exd6 exd6 43.Ne3 Re8 44.Nxf5 Re1+ 45.Kf2 Rf1+ 46.Ke3 Rcc1 47.Nxd6 
Rf3+ 48.Kd4 Rxf4+ 49.Ke5 Rb4 50.Re3 Rf1 51.Nc4 Rf3 52.Rdd3 Rxe3+ 53.Rxe3 
Bf1 54.d6 Bxc4 55.bxc4 Ke8 56.Kd5+ Kd8 57.Re7 Rb2 58.Rxf7 Rxh2 59.Rxb7 g3 
60.Kc6 Ke8 1-0

[Event "119th NZL-ch op"]
[Site "Queenstown NZL"]
[Date "2012.01.16"]
[Round "2"]
[White "Maroroa, Sue"]
[Black "Simmonds, Leteisha"]
[Result "1-0"]
[WhiteElo "2020"]
[BlackElo "1643"]
[EventDate "2012.01.15"]
[PlyCount "71"]

1.e4 e6 2.d4 d5 3.Nd2 Nf6 4.e5 Nfd7 5.Bd3 c5 6.c3 Nc6 7.Ngf3 cxd4 8.cxd4 
f6 9.exf6 Nxf6 10.O-O Bd6 11.Re1 O-O 12.Nf1 Qc7 13.Bg5 Bd7 14.Rc1 Qb6 15.
Re2 h6 16.Bh4 Nh5 17.Bb1 Rac8 18.Rd2 Nf6 19.Re2 Nh5 20.Rc3 Nf4 21.Ree3 g5 
22.Bxg5 hxg5 23.Nxg5 Nxd4 24.Rxc8 Bxc8 25.Qg4 Kh8 26.Qh4+ Kg7 27.Qh7+ Kf6 
28.Qh6+ Ke7 29.Qg7+ Ke8 30.g3 Nfe2+ 31.Kg2 Qc7 32.Bg6+ Kd8 33.Nf7+ Rxf7 
34.Bxf7 Qe7 35.Qh8+ Kc7 36.Bh5 1-0

[Event "119th NZL-ch op"]
[Site "Queenstown NZL"]
[Date "2012.01.16"]
[Round "2"]
[White "Matheson, Laurence"]
[Black "Zhao Xue"]
[Result "0-1"]
[WhiteElo "2167"]
[BlackElo "2551"]
[EventDate "2012.01.15"]
[PlyCount "80"]

1.d4 Nf6 2.c4 e6 3.Nc3 Bb4 4.e3 d5 5.Ne2 O-O 6.a3 Bd6 7.cxd5 exd5 8.Nf4 c6
9.Be2 Re8 10.O-O Nbd7 11.b4 Qc7 12.h3 Ne4 13.Nxe4 dxe4 14.d5 c5 15.bxc5 
Nxc5 16.Bb2 b6 17.Nh5 Be5 18.d6 Qb7 19.Bxe5 Rxe5 20.Qd4 f6 21.f4 Re8 22.f5
Kh8 23.Bc4 Re5 24.g4 Qd7 25.g5 Qd8 26.gxf6 gxf6 27.Rad1 Qf8 28.Kh2 Bxf5 
29.d7 Rd8 30.Qd6 Qxd6 31.Rxd6 Bxh3 32.Nxf6 Bxf1 33.Bxf1 Re6 34.Rxe6 Nxe6 
35.Nxe4 Nf8 36.Bh3 Nxd7 37.Kg3 Ne5 38.Kf4 Nd3+ 39.Kg5 Re8 40.Bf5 Kg7 0-1

[Event "119th NZL-ch op"]
[Site "Queenstown NZL"]
[Date "2012.01.16"]
[Round "2"]
[White "McDonald, John"]
[Black "Illingworth, Max"]
[Result "0-1"]
[WhiteElo "2068"]
[BlackElo "2388"]
[EventDate "2012.01.15"]
[PlyCount "76"]

1.c4 Nf6 2.g3 g6 3.Bg2 Bg7 4.e4 O-O 5.Ne2 d6 6.O-O e5 7.d3 c6 8.h3 Na6 9.
Be3 d5 10.exd5 cxd5 11.Qd2 Be6 12.Na3 Qd7 13.Kh2 Rfd8 14.Rac1 dxc4 15.Nxc4
Nd5 16.Bh6 f6 17.d4 Ndb4 18.Bxg7 Kxg7 19.b3 exd4 20.Nf4 Bf7 21.h4 Nc6 22.
Bh3 f5 23.Rfd1 Qe7 24.h5 Qf6 25.Nd3 Nc7 26.g4 fxg4 27.h6+ Kg8 28.Bg2 Bd5 
29.Nf4 Bxg2 30.Kxg2 Nd5 31.Nxd5 Qf3+ 32.Kg1 Rxd5 33.Qd3 Rf8 34.Qxf3 gxf3 
35.Nd2 Rg5+ 36.Kf1 Rf4 37.Nc4 Rh4 38.Ke1 Rh2 0-1

[Event "119th NZL-ch op"]
[Site "Queenstown NZL"]
[Date "2012.01.16"]
[Round "2"]
[White "Milligan, Helen"]
[Black "Cooper, Nigel"]
[Result "1-0"]
[WhiteElo "1979"]
[BlackElo "1802"]
[EventDate "2012.01.15"]
[PlyCount "93"]

1.e4 g5 2.d4 h6 3.Bc4 Bg7 4.Ne2 c5 5.c3 cxd4 6.Nxd4 e6 7.O-O Ne7 8.Na3 a6 
9.Be3 O-O 10.Qh5 Ng6 11.Rad1 b5 12.Bb3 Bb7 13.Nxe6 fxe6 14.Qxg6 Qe7 15.Bd4
Rf7 16.Rfe1 Nc6 17.Bxg7 Rxg7 18.Qh5 Rf8 19.Nc2 Na5 20.Qe2 Rf4 21.Qd3 Qc5 
22.Rd2 Rgf7 23.Nd4 Nxb3 24.Nxb3 Qe5 25.Rde2 g4 26.Qd4 Qg5 27.Nc5 Bc8 28.
Nd3 R4f6 29.Rd1 h5 30.Qc5 Qxc5 31.Nxc5 h4 32.e5 Rf5 33.Rd4 Rg5 34.Ne4 Rgg7
35.Nd6 Rf8 36.Ree4 g3 37.hxg3 hxg3 38.Rf4 gxf2+ 39.Kxf2 Rd8 40.a4 bxa4 41.
Rc4 Bb7 42.Nxb7 Rb8 43.Rb4 d5 44.Nd6 Rxb4 45.Rxb4 Rg5 46.Rxa4 Rxe5 47.Rxa6
1-0

[Event "119th NZL-ch op"]
[Site "Queenstown NZL"]
[Date "2012.01.16"]
[Round "2"]
[White "Millikan, Erlend"]
[Black "Setiabudi, Allen"]
[Result "1/2-1/2"]
[WhiteElo "1760"]
[BlackElo "1966"]
[EventDate "2012.01.15"]
[PlyCount "39"]

1.d4 d5 2.e3 Nf6 3.Bd3 g6 4.Nf3 Bg7 5.Nbd2 O-O 6.O-O b6 7.b3 a5 8.a4 Ba6 
9.c4 Nc6 10.Ba3 Nb4 11.Bxb4 axb4 12.Qe2 e6 13.Rac1 Bb7 14.c5 bxc5 15.Rxc5 
c6 16.Ne5 Qd6 17.Re1 Nd7 18.Nxd7 Qxd7 19.Nf3 f6 20.Qd2 1/2-1/2

[Event "119th NZL-ch op"]
[Site "Queenstown NZL"]
[Date "2012.01.16"]
[Round "2"]
[White "Morris, James"]
[Black "Safarian, Alek"]
[Result "1-0"]
[WhiteElo "2354"]
[BlackElo "2036"]
[EventDate "2012.01.15"]
[PlyCount "58"]

1.c4 e6 2.Nf3 d5 3.g3 c5 4.Bg2 Nc6 5.O-O Nf6 6.cxd5 exd5 7.d4 cxd4 8.Nxd4 
Be7 9.b3 O-O 10.Bb2 Re8 11.Nc3 Bc5 12.Nxc6 bxc6 13.Na4 Bd6 14.Qc2 Be5 15.
e3 Bxb2 16.Qxb2 Bf5 17.Rac1 Rc8 18.Nc5 Ne4 19.Qa3 Qe7 20.b4 Nd2 21.Rfe1 
Nc4 22.Qa6 Nd6 23.a3 Qc7 24.Nb3 Qb6 25.Qa4 Nc4 26.Nd2 Be4 27.Bf1 Ne5 28.
Rc5 Qd8 29.Be2 Qf6 1-0

[Event "119th NZL-ch op"]
[Site "Queenstown NZL"]
[Date "2012.01.16"]
[Round "2"]
[White "Kruttika, Nadig"]
[Black "Louie, Ryan"]
[Result "1-0"]
[WhiteElo "2234"]
[BlackElo "1677"]
[EventDate "2012.01.15"]
[PlyCount "57"]

1.e4 c5 2.Nf3 Nc6 3.d4 cxd4 4.Nxd4 Nf6 5.Nc3 Qb6 6.Nb3 e6 7.Be3 Qc7 8.Be2 
a6 9.O-O Be7 10.f4 d6 11.Bf3 Bd7 12.a4 Na5 13.Nxa5 Qxa5 14.Qd2 Bc6 15.b4 
Qd8 16.b5 Bd7 17.e5 dxe5 18.fxe5 Nd5 19.Nxd5 exd5 20.Bxd5 O-O 21.Bxb7 Qc7 
22.Bxa8 Rxa8 23.Rxf7 Kxf7 24.Qd5+ Kg6 25.Qxa8 Qxe5 26.Qxa6+ Bd6 27.Rd1 
Qxh2+ 28.Kf1 Qh1+ 29.Bg1 1-0

[Event "119th NZL-ch op"]
[Site "Queenstown NZL"]
[Date "2012.01.16"]
[Round "2"]
[White "Pyke, Malcolm"]
[Black "Xie, George Wendi"]
[Result "0-1"]
[WhiteElo "2132"]
[BlackElo "2459"]
[EventDate "2012.01.15"]
[PlyCount "80"]

1.d4 Nf6 2.Nf3 e6 3.c4 c5 4.e3 d5 5.Nc3 Nc6 6.a3 a6 7.cxd5 exd5 8.dxc5 
Bxc5 9.b4 Ba7 10.Bb2 O-O 11.Be2 Be6 12.O-O Ne4 13.Rc1 f5 14.Nxe4 fxe4 15.
Nd4 Nxd4 16.Bxd4 Bb8 17.Bg4 Bxh2+ 18.Kxh2 Qh4+ 19.Bh3 Bxh3 20.gxh3 Rf3 21.
Qxf3 exf3 22.Rc2 g6 23.Rg1 Rf8 24.Rg4 Qd8 25.h4 Rf5 26.Kg3 Kf7 27.Rc5 Qd7 
28.Rf4 Rxf4 29.exf4 h5 30.Kxf3 b6 31.Rc3 Qg4+ 32.Ke3 Qxh4 33.Rc7+ Ke6 34.
Rc6+ Kf5 35.Be5 d4+ 36.Kd3 Qxf2 37.Rf6+ Kg4 38.Bxd4 Qf1+ 39.Ke4 Qb1+ 40.
Ke5 h4 0-1

[Event "119th NZL-ch op"]
[Site "Queenstown NZL"]
[Date "2012.01.16"]
[Round "2"]
[White "Renzies, Elliott"]
[Black "Voon, Richard"]
[Result "0-1"]
[WhiteElo "1668"]
[BlackElo "1933"]
[EventDate "2012.01.15"]
[PlyCount "87"]

1.e4 c5 2.Nf3 d6 3.d4 cxd4 4.Nxd4 Nf6 5.Nc3 a6 6.Bc4 e6 7.Bb3 Be7 8.O-O 
O-O 9.f4 Nc6 10.Nde2 Na5 11.Be3 b5 12.Ng3 Bb7 13.a3 Nxb3 14.cxb3 Rc8 15.f5
e5 16.Nh5 g6 17.fxg6 hxg6 18.Nxf6+ Bxf6 19.Qf3 Bg5 20.Rad1 Bxe3+ 21.Qxe3 
Kg7 22.Nd5 Rc2 23.Nf6 Rh8 24.Ng4 Qh4 25.h3 Bc8 26.Rxf7+ Kxf7 27.Qa7+ Ke8 
28.Qg7 Bxg4 29.Qxg6+ Ke7 30.Qxd6+ Kf7 31.Rf1+ Ke8 32.Qxe5+ Kd8 33.Qd6+ Bd7
34.e5 Rc6 35.Qd2 Kc7 36.Rf7 Rd8 37.Qa5+ Kc8 38.Rf1 Qd4+ 39.Kh1 Qxe5 40.a4 
Rg8 41.axb5 Qxb5 42.Qe1 Bxh3 43.gxh3 Qd5+ 44.Kh2 0-1

[Event "119th NZL-ch op"]
[Site "Queenstown NZL"]
[Date "2012.01.16"]
[Round "2"]
[White "Repplinger, Marc"]
[Black "Fairley, Natasha"]
[Result "1-0"]
[WhiteElo "2241"]
[BlackElo "1798"]
[EventDate "2012.01.15"]
[PlyCount "37"]

1.d4 d5 2.Nf3 Nf6 3.c4 c6 4.e3 Bg4 5.Nc3 Nbd7 6.cxd5 Nxd5 7.Nxd5 cxd5 8.
Qb3 Bxf3 9.gxf3 Qa5+ 10.Bd2 Qb6 11.Qxd5 Qxb2 12.Bb5 Rd8 13.Rc1 e6 14.Qxb7 
Qxa2 15.Rc7 Qd5 16.Qxd5 exd5 17.Rxa7 Ke7 18.Ke2 Ke6 19.Ba5 1-0

[Event "119th NZL-ch op"]
[Site "Queenstown NZL"]
[Date "2012.01.16"]
[Round "2"]
[White "Setiabudi, Megan"]
[Black "King, Mathew"]
[Result "0-1"]
[WhiteElo "1755"]
[BlackElo "1961"]
[EventDate "2012.01.15"]
[PlyCount "92"]

1.e4 c5 2.Nc3 d6 3.f4 g6 4.Nf3 Bg7 5.Bb5+ Bd7 6.Bxd7+ Qxd7 7.d3 Nc6 8.O-O 
Nh6 9.Qe1 Nd4 10.Nxd4 cxd4 11.Nb1 f5 12.Kh1 O-O 13.Bd2 Qb5 14.b3 Rac8 15.
a4 Qc6 16.exf5 Nxf5 17.Na3 d5 18.Rd1 Rf6 19.Rf2 Re6 20.Re2 Rxe2 21.Qxe2 a6
22.Rf1 Qd6 23.Qe1 Rc6 24.Bb4 Qf6 25.Bd2 Qd6 26.Bb4 Qf6 27.Bd2 Re6 28.Qf2 
Ne3 29.Re1 Ng4 30.Qg3 Rxe1+ 31.Qxe1 Ne3 32.g3 Qe6 33.Qf2 Ng4 34.Qf1 Ne3 
35.Qf2 Bf6 36.Qe1 Qg4 37.Bxe3 Qf3+ 38.Kg1 dxe3 39.Nb1 e2 40.c3 Qe3+ 41.Kg2
Qxd3 42.Kf2 d4 43.c4 Qe3+ 44.Kg2 d3 45.b4 d2 46.Nxd2 Bc3 0-1

[Event "119th NZL-ch op"]
[Site "Queenstown NZL"]
[Date "2012.01.16"]
[Round "2"]
[White "Smith, Robert"]
[Black "Lester, George"]
[Result "1-0"]
[WhiteElo "2273"]
[BlackElo "2008"]
[EventDate "2012.01.15"]
[PlyCount "115"]

1.e4 e5 2.Nf3 Nc6 3.Bb5 Nf6 4.d3 d6 5.c3 g6 6.O-O Bg7 7.Re1 O-O 8.h3 a6 9.
Ba4 b5 10.Bb3 Na5 11.Bc2 c5 12.Nbd2 Re8 13.Nf1 Bb7 14.b4 cxb4 15.cxb4 Nc6 
16.Rb1 d5 17.Bg5 Qd6 18.a3 Rac8 19.Bxf6 Bxf6 20.exd5 Ne7 21.Ng3 Nxd5 22.
Ne4 Qb6 23.Qd2 Bg7 24.Bb3 h6 25.Qa2 Rcd8 26.Rbc1 Re7 27.Nc5 Nf4 28.Re3 Bc6
29.Rce1 Nd5 30.Bxd5 Bxd5 31.Qe2 Rde8 32.Nd4 e4 33.Nf3 exf3 34.Rxe7 fxe2 
35.Rxe8+ Kh7 36.R1xe2 a5 37.Rc8 axb4 38.axb4 Qf6 39.Ne4 Qa1+ 40.Kh2 Qf1 
41.Rd2 Be5+ 42.g3 Be6 43.Rd8 Qxh3+ 44.Kg1 Qf5 45.Nc5 Bc7 46.Re8 Bd5 47.Ne4
Kg7 48.Rc2 Qd7 49.Rg8+ Kxg8 50.Nf6+ Kg7 51.Nxd7 Bd6 52.Nc5 f5 53.Re2 Kf7 
54.Re1 f4 55.gxf4 Bxf4 56.Ne4 h5 57.f3 g5 58.Nxg5+ 1-0

[Event "119th NZL-ch op"]
[Site "Queenstown NZL"]
[Date "2012.01.16"]
[Round "2"]
[White "Steadman, Michael"]
[Black "Koerber, Matthias"]
[Result "1-0"]
[WhiteElo "2258"]
[BlackElo "1916"]
[EventDate "2012.01.15"]
[PlyCount "81"]

1.d4 d5 2.c4 e6 3.Nc3 Be7 4.Nf3 c6 5.Bf4 Nf6 6.e3 Nh5 7.Bg3 Nd7 8.Bd3 Qa5 
9.a3 dxc4 10.Bxc4 Nxg3 11.hxg3 b5 12.Bd3 g6 13.e4 a6 14.Ke2 Qb6 15.b4 a5 
16.Qb3 e5 17.d5 Bb7 18.dxc6 Bxc6 19.Nd5 Qb7 20.Nxe7 a4 21.Qa2 Kxe7 22.Ng5 
Raf8 23.Nxh7 Bxe4 24.Nxf8 Bxd3+ 25.Kxd3 Qxg2 26.Rhe1 Rxf8 27.Re3 Nb6 28.
Rxe5+ Kf6 29.Qe2 Rd8+ 30.Kc3 Rc8+ 31.Rc5 Rxc5+ 32.bxc5 Nc4 33.Kb4 Qa8 34.
Kc3 Qg2 35.Qd3 Kg7 36.Qd4+ Kg8 37.Rd1 Qf3+ 38.Rd3 Qe2 39.Kb4 Qf1 40.c6 
Qe1+ 41.Kxb5 1-0

[Event "119th NZL-ch op"]
[Site "Queenstown NZL"]
[Date "2012.01.16"]
[Round "2"]
[White "Stuart, Peter"]
[Black "Reilly, Tim"]
[Result "1/2-1/2"]
[WhiteElo "1991"]
[BlackElo "2266"]
[EventDate "2012.01.15"]
[PlyCount "99"]

1.c4 g6 2.Nc3 Bg7 3.g3 f5 4.Bg2 Nf6 5.d3 O-O 6.e3 d6 7.Nge2 e5 8.O-O c6 9.
b3 Be6 10.Bb2 a5 11.Rc1 Na6 12.Qd2 Rb8 13.d4 Bf7 14.dxe5 dxe5 15.Qxd8 
Rfxd8 16.Rcd1 Nb4 17.Nc1 e4 18.Rxd8+ Rxd8 19.Rd1 Rxd1+ 20.Nxd1 Nd7 21.Bxg7
Kxg7 22.Nb2 Kf6 23.Kf1 Ke5 24.Ke2 Kd6 25.Kd2 Ne5 26.h3 b5 27.a3 Na6 28.
cxb5 cxb5 29.Bf1 Kc5 30.a4 Nf3+ 31.Kc3 b4+ 32.Kc2 Nb8 33.Bc4 Bxc4 34.Nxc4 
Nc6 35.h4 h6 36.Kd1 Kd5 37.Nb6+ Ke6 38.Nc4 Kf6 39.Ke2 g5 40.hxg5+ hxg5 41.
Kd1 Kg6 42.Ke2 Nfe5 43.Nxe5+ Nxe5 44.Kf1 Nf3 45.Ke2 Kf6 46.Kd1 Ke5 47.Ne2 
Kd5 48.Nc1 Ne5 49.Kd2 Kc5 50.Ke2 1/2-1/2

[Event "119th NZL-ch op"]
[Site "Queenstown NZL"]
[Date "2012.01.16"]
[Round "2"]
[White "Tang, Jason"]
[Black "Press, Harry"]
[Result "1-0"]
[WhiteElo "2030"]
[BlackElo "1884"]
[EventDate "2012.01.15"]
[PlyCount "55"]

1.d4 Nf6 2.c4 e6 3.Nc3 Bb4 4.Qc2 Bxc3+ 5.Qxc3 Ne4 6.Qc2 f5 7.Nh3 O-O 8.f3 
Nf6 9.Bg5 h6 10.Bh4 c5 11.e3 Nc6 12.Qc3 g5 13.Bf2 cxd4 14.exd4 d5 15.c5 
Re8 16.O-O-O Qc7 17.Bb5 Bd7 18.Kb1 a6 19.Ba4 Ne7 20.Bc2 g4 21.Bg3 Qc6 22.
Nf4 b6 23.Bh4 Rf8 24.Qe3 Qc7 25.Nxe6 Bxe6 26.Qxe6+ Kg7 27.cxb6 Qd8 28.Rhe1
1-0

[Event "119th NZL-ch op"]
[Site "Queenstown NZL"]
[Date "2012.01.16"]
[Round "2"]
[White "Van Riemsdijk, Herman Claudius"]
[Black "Liu, Yi"]
[Result "1-0"]
[WhiteElo "2401"]
[BlackElo "2072"]
[EventDate "2012.01.15"]
[PlyCount "67"]

1.e4 e6 2.d4 d5 3.Nc3 Nf6 4.Bg5 Be7 5.e5 Nfd7 6.h4 O-O 7.f4 c5 8.Nf3 f6 9.
exf6 Bxf6 10.Qd2 Nc6 11.dxc5 Nxc5 12.O-O-O a6 13.g3 b5 14.Bxf6 Qxf6 15.
Nxd5 exd5 16.Qxd5+ Be6 17.Qxc5 Rac8 18.Bd3 Bxa2 19.Qa3 Be6 20.Ng5 Bf5 21.
Bxf5 Qxf5 22.Qb3+ Kh8 23.Qd3 Nd4 24.Rh2 Rc4 25.b3 Nxb3+ 26.Qxb3 Qf6 27.Qd3
g6 28.h5 Re8 29.Nf7+ Qxf7 30.hxg6 Qe6 31.g7+ Kg8 32.Qxh7+ Kf7 33.g8=Q+ Kf6
34.Qg5# 1-0

[Event "119th NZL-ch op"]
[Site "Queenstown NZL"]
[Date "2012.01.16"]
[Round "2"]
[White "Watharow, Sean"]
[Black "Mitchell, Robert"]
[Result "1-0"]
[WhiteElo "1929"]
[BlackElo "1672"]
[EventDate "2012.01.15"]
[PlyCount "83"]

1.e4 d6 2.d4 Nf6 3.Nc3 Bg4 4.f3 Bh5 5.Be3 c6 6.Bd3 e5 7.Nge2 Be7 8.Qd2 b5 
9.h4 h6 10.g4 Bg6 11.Ng3 h5 12.g5 Nfd7 13.Nf5 Bf8 14.O-O-O Qa5 15.d5 b4 
16.dxc6 bxc3 17.cxd7+ Nxd7 18.Qxc3 Qxc3 19.bxc3 Bxf5 20.exf5 a6 21.c4 Be7 
22.Be4 Rc8 23.Bd5 g6 24.f6 Bd8 25.f4 exf4 26.Bxf4 Ne5 27.Rhe1 Bc7 28.Bc6+ 
Kf8 29.Bxe5 dxe5 30.Rd7 Ba5 31.Red1 Kg8 32.Bd5 Rf8 33.Ra7 Bb6 34.Re7 Be3+ 
35.Kb2 Rb8+ 36.Kc3 Bd4+ 37.Rxd4 exd4+ 38.Kxd4 Rf8 39.c5 Kh7 40.Bxf7 Rhg8 
41.Bxg8+ Kxg8 42.Rg7+ 1-0

[Event "119th NZL-ch op"]
[Site "Queenstown NZL"]
[Date "2012.01.16"]
[Round "2"]
[White "Watson, Jean"]
[Black "Gu Xiaobing"]
[Result "0-1"]
[WhiteElo "1571"]
[BlackElo "2244"]
[EventDate "2012.01.15"]
[PlyCount "80"]

1.d4 Nf6 2.Nf3 c5 3.e3 e6 4.Be2 b6 5.O-O Bb7 6.b3 cxd4 7.exd4 Be7 8.Bb2 
O-O 9.Nbd2 d6 10.Re1 Nbd7 11.c4 Re8 12.Rc1 a5 13.a3 e5 14.d5 b5 15.Qc2 
bxc4 16.bxc4 Rc8 17.Qb1 Ba6 18.Bf1 Qb6 19.Qa2 Bd8 20.Ne4 Nxe4 21.Rxe4 Nc5 
22.Re3 e4 23.Nd4 Bg5 24.Nf5 Bxe3 25.fxe3 Nb3 26.Rd1 Rb8 27.Bxg7 Bc8 28.Bd4
Nxd4 29.Nxd4 Qb2 30.Qxb2 Rxb2 31.Nb5 Rd8 32.Rc1 Ba6 33.Rc3 Kg7 34.Nd4 a4 
35.Be2 Rdb8 36.Kf2 Rd2 37.Nf5+ Kg6 38.Nxd6 Rbb2 39.Nxe4 Rxe2+ 40.Kf3 f5 
0-1

[Event "119th NZL-ch op"]
[Site "Queenstown NZL"]
[Date "2012.01.16"]
[Round "2"]
[White "West, Guy"]
[Black "Burns, Christopher John"]
[Result "1-0"]
[WhiteElo "2323"]
[BlackElo "2022"]
[EventDate "2012.01.15"]
[PlyCount "91"]

1.d4 d5 2.Bf4 Nf6 3.e3 Bf5 4.c4 e6 5.Nc3 Nbd7 6.cxd5 exd5 7.Qb3 Rc8 8.Nf3 
Nb6 9.Be2 c6 10.O-O Be7 11.a4 a5 12.Ne5 O-O 13.h3 h6 14.Rfd1 Ra8 15.Rac1 
Kh8 16.Bf1 Bb4 17.Na2 Be7 18.Nd3 Bxd3 19.Bxd3 Nfd7 20.Bb1 f5 21.Nc3 Bb4 
22.Ne2 Qe7 23.Bg3 Nc8 24.Nf4 Qf7 25.Nd3 Ra6 26.Nxb4 Rb6 27.Bd3 Rxb4 28.Qc2
Ndb6 29.b3 Na8 30.f3 Qd7 31.Be1 Ne7 32.Bxb4 axb4 33.Qc5 f4 34.e4 dxe4 35.
Bxe4 Nc7 36.Qxb4 Ncd5 37.Bxd5 cxd5 38.Qc5 Rc8 39.Qb5 Nc6 40.Re1 Rf8 41.Qc5
Rf6 42.b4 Rg6 43.Kh1 Qd8 44.b5 Qg5 45.Re2 Kh7 46.bxc6 1-0

[Event "119th NZL-ch op"]
[Site "Queenstown NZL"]
[Date "2012.01.17"]
[Round "3"]
[White "Aldridge, Alan"]
[Black "Mitchell, Robert"]
[Result "1-0"]
[WhiteElo "1945"]
[BlackElo "1672"]
[EventDate "2012.01.15"]
[PlyCount "141"]

1.d4 d6 2.c4 e5 3.d5 f5 4.Nc3 Nf6 5.Bg5 Be7 6.e3 Nxd5 7.Bxe7 Nxe7 8.Qh5+ 
Ng6 9.O-O-O Qh4 10.Qe2 Be6 11.g3 Qf6 12.f4 e4 13.Nh3 Nd7 14.Qc2 O-O-O 15.
Be2 Ne7 16.Ng5 Bg8 17.Nd5 Nxd5 18.cxd5 h6 19.Nh3 Kb8 20.Nf2 Nb6 21.Rd4 
Bxd5 22.Rhd1 Qf7 23.b3 Bc6 24.R1d2 Rd7 25.Nd1 Rhd8 26.Nc3 d5 27.a4 a6 28.
Qa2 Rd6 29.a5 Nc8 30.b4 Ne7 31.Rb2 Bd7 32.b5 Ka7 33.Qb3 b6 34.Ra4 Bc8 35.
bxa6 Rc6 36.Kb1 Qf6 37.axb6+ Rxb6 38.Nb5+ Rxb5 39.Bxb5 Qb6 40.Qc3 c6 41.
Be2 Qc7 42.Rab4 Qd6 43.Qxg7 c5 44.Rb6 Rg8 45.Rb7+ Bxb7 46.Rxb7+ Ka8 47.
Qxe7 Qxe7 48.Rxe7 Rd8 49.g4 d4 50.exd4 cxd4 51.gxf5 d3 52.Bd1 Rf8 53.Rxe4 
Rxf5 54.Bf3 Ka7 55.Ra4 Rc5 56.Rd4 Rc2 57.h4 Rf2 58.Rxd3 Kxa6 59.f5 Rh2 60.
h5 Rh4 61.Rd6+ Kb5 62.Be2+ Kc5 63.Rxh6 Kd5 64.Kc2 Ke5 65.Bd3 Rf4 66.Kd2 
Rh4 67.Rh8 Kf6 68.h6 Kg5 69.h7 Kf4 70.f6 Rh2+ 71.Kc3 1-0

[Event "119th NZL-ch op"]
[Site "Queenstown NZL"]
[Date "2012.01.17"]
[Round "3"]
[White "Andersson, Christin"]
[Black "Dive, Russell John"]
[Result "0-1"]
[WhiteElo "2123"]
[BlackElo "2345"]
[EventDate "2012.01.15"]
[PlyCount "126"]

1.e4 Nf6 2.e5 Nd5 3.d4 d6 4.c4 Nb6 5.exd6 exd6 6.Nc3 Be7 7.h3 Nc6 8.Nf3 a5
9.a3 a4 10.Be3 Na5 11.Nxa4 Naxc4 12.Nxb6 Nxb6 13.Bd3 Be6 14.O-O O-O 15.Rc1
Nd5 16.Re1 Re8 17.Qc2 h6 18.Bh7+ Kh8 19.Bf5 Bxf5 20.Qxf5 Nf6 21.Bd2 Kg8 
22.Rc3 c6 23.Rce3 Nd5 24.R3e2 Rf8 25.Nh2 Bf6 26.Ng4 Bg5 27.f4 Bh4 28.g3 
Bf6 29.Nxf6+ Nxf6 30.Re7 Qb6 31.Bc3 Nd5 32.Rd7 g6 33.Qd3 Rad8 34.Rxd8 Qxd8
35.Qe4 Qf6 36.Bd2 Ra8 37.Qd3 Kf8 38.Kg2 Re8 39.Rxe8+ Kxe8 40.b4 b5 41.a4 
bxa4 42.b5 Qf5 43.Qc4 Qe4+ 44.Kf2 Nb6 45.Qb4 Qd5 46.bxc6 Qxc6 47.h4 h5 48.
Ke2 Qc4+ 49.Qxc4 Nxc4 50.Bb4 Kd7 51.f5 gxf5 52.Kf3 Nb6 53.Ke2 Ke6 54.Kd3 
Kd5 55.Kc2 Nc8 56.Kd3 Na7 57.Bc3 Nb5 58.Bb2 a3 59.Ba1 a2 60.Bb2 Na3 61.Ba1
Nc4 62.Bc3 Na5 63.Kc2 Kc4 0-1

[Event "119th NZL-ch op"]
[Site "Queenstown NZL"]
[Date "2012.01.17"]
[Round "3"]
[White "Beckman, John"]
[Black "Gao, Hans"]
[Result "0-1"]
[WhiteElo "1719"]
[BlackElo "1924"]
[EventDate "2012.01.15"]
[PlyCount "82"]

1.e4 c5 2.c4 Nc6 3.Nf3 e5 4.Nc3 g6 5.Be2 Bg7 6.d3 Nge7 7.O-O O-O 8.Bd2 d6 
9.Qc1 f5 10.Re1 f4 11.Nd5 h6 12.a3 g5 13.Kh1 g4 14.Ng1 Nd4 15.Bd1 h5 16.
Nxe7+ Qxe7 17.Ne2 f3 18.Nxd4 cxd4 19.Bg5 Qf7 20.g3 Qg6 21.Bb3 Kh7 22.c5 
dxc5 23.Be7 Re8 24.Qxc5 Be6 25.Ba4 Rec8 26.Qd6 Qh6 27.Bg5 Qxg5 28.Qxe6 b5 
29.Bb3 Rf8 30.Red1 Rac8 31.a4 bxa4 32.Bxa4 h4 33.Bd7 Rc2 34.Kg1 hxg3 35.
hxg3 Rxf2 36.Qxg4 Rg2+ 37.Kf1 Qe3 38.Qh4+ Bh6 39.Qe7+ Kg8 40.Qe6+ Rf7 41.
Qg6+ Bg7 0-1

[Event "119th NZL-ch op"]
[Site "Queenstown NZL"]
[Date "2012.01.17"]
[Round "3"]
[White "Bennett, Hilton"]
[Black "Cheng, Bobby"]
[Result "0-1"]
[WhiteElo "1965"]
[BlackElo "2375"]
[EventDate "2012.01.15"]
[PlyCount "78"]

1.e4 c5 2.Nc3 e6 3.f4 a6 4.g3 b5 5.Bg2 Bb7 6.d3 d5 7.Qe2 Nf6 8.e5 Nfd7 9.
Nf3 b4 10.Nd1 Nc6 11.O-O g6 12.c4 bxc3 13.bxc3 a5 14.Nf2 Ba6 15.c4 Nb6 16.
Rd1 Be7 17.Bb2 O-O 18.Rac1 Qc7 19.cxd5 Nxd5 20.Ne4 Qb6 21.Qf2 Ncb4 22.Ne1 
Nxa2 23.Rb1 Rab8 24.Bd4 Qxb1 25.Rxb1 Rxb1 26.Bxc5 Nab4 27.Bxe7 Nxd3 28.Qd2
Rxe1+ 29.Bf1 Nxe7 30.Nf6+ Kg7 31.Kg2 Bb7+ 32.Kh3 Rd1 33.Qe2 Nf5 34.Bg2 Nd4
35.Qe3 Nf5 36.Qe2 Ba6 37.Qa2 Bc4 38.Qc2 Ne3 39.Qa4 Nf2+ 0-1

[Event "119th NZL-ch op"]
[Site "Queenstown NZL"]
[Date "2012.01.17"]
[Round "3"]
[White "Benson, Christopher"]
[Black "Renzies, Elliott"]
[Result "1-0"]
[WhiteElo "1924"]
[BlackElo "1668"]
[EventDate "2012.01.15"]
[PlyCount "57"]

1.Nf3 Nf6 2.g3 b6 3.Bg2 Bb7 4.d3 e5 5.e4 Nc6 6.O-O Be7 7.Nbd2 O-O 8.Nc4 d6
9.c3 Re8 10.Qc2 Bf8 11.Bg5 h6 12.Bxf6 Qxf6 13.Ne3 Ne7 14.Nh4 Rad8 15.f4 
Qe6 16.Bf3 d5 17.Bg4 Qd6 18.fxe5 Qxe5 19.Qf2 f6 20.d4 Qxe4 21.Rae1 Ba6 22.
Be2 Bxe2 23.Rxe2 Nc8 24.Rfe1 Qh7 25.Nxd5 Rxe2 26.Qxe2 c6 27.Qe6+ Kh8 28.
Nxf6 gxf6 29.Qxf6+ 1-0

[Event "119th NZL-ch op"]
[Site "Queenstown NZL"]
[Date "2012.01.17"]
[Round "3"]
[White "Brown, Andrew"]
[Black "Stuart, Peter"]
[Result "1/2-1/2"]
[WhiteElo "2215"]
[BlackElo "1991"]
[EventDate "2012.01.15"]
[PlyCount "152"]

1.d4 Nf6 2.c4 e6 3.Nf3 Bb4+ 4.Nbd2 b6 5.a3 Bxd2+ 6.Bxd2 Bb7 7.Bg5 h6 8.Bh4
d6 9.e3 Nbd7 10.Be2 a5 11.b4 axb4 12.axb4 O-O 13.O-O Qe7 14.Qc2 Rxa1 15.
Rxa1 Ra8 16.Rxa8+ Bxa8 17.Nd2 Qf8 18.e4 Bb7 19.f3 Qa8 20.Qb2 c5 21.Bg3 d5 
22.e5 Nh5 23.Bf2 Nf4 24.Bf1 cxb4 25.g3 dxc4 26.Nxc4 Nd5 27.Be1 b5 28.Nd6 
Qa3 29.Qb1 Bc6 30.Qc2 Qe3+ 31.Qf2 b3 32.Qxe3 Nxe3 33.Bd3 Nb6 34.Kf2 Nec4 
35.f4 b2 36.Nxc4 bxc4 37.Bc2 Ba4 38.Bb1 Nd5 39.Ke2 Kf8 40.Ba5 Ke8 41.Kd2 
Kd7 42.Bc3 g6 43.Bxb2 Bb3 44.Be4 h5 45.f5 gxf5 46.Bf3 f4 47.Bxh5 fxg3 48.
hxg3 Ke8 49.Ba3 c3+ 50.Kd3 Ba4 51.Kc4 c2 52.Bc1 Ke7 53.Bg5+ Kf8 54.Bf3 Bc6
55.Bg4 Ba4 56.Bd2 Ke7 57.Bf3 Kd7 58.Kc5 Bb3 59.Bh5 Ke7 60.g4 Kf8 61.g5 Kg7
62.Kb5 Kf8 63.Bg4 Kg7 64.Bh5 Kf8 65.Kc5 Ke7 66.Bg4 Kd7 67.Bh3 Ke7 68.Bf1 
Kd7 69.Bb5+ Ke7 70.Bc4 Bxc4 71.Kxc4 Kd7 72.Kb3 Kc6 73.Kxc2 Kb5 74.Kd3 Ne7 
75.Be3 Nd5 76.Bf2 Nb4+ 1/2-1/2

[Event "119th NZL-ch op"]
[Site "Queenstown NZL"]
[Date "2012.01.17"]
[Round "3"]
[White "Burns, Christopher John"]
[Black "Brown, Kevin"]
[Result "1/2-1/2"]
[WhiteElo "2022"]
[BlackElo "1728"]
[EventDate "2012.01.15"]
[PlyCount "65"]

1.e4 d5 2.exd5 Qxd5 3.Nf3 Nf6 4.d4 c6 5.c4 Qd8 6.Nc3 Bg4 7.Be2 e6 8.Qb3 
Qb6 9.Qxb6 axb6 10.O-O Bd6 11.h3 Bf5 12.g4 Bg6 13.Ne5 Ne4 14.Nxe4 Bxe4 15.
f3 Bg6 16.Bf4 Ke7 17.Kg2 Nd7 18.Nxg6+ hxg6 19.Bxd6+ Kxd6 20.f4 Ra5 21.a3 
Rha8 22.Rad1 Kc7 23.Rf3 Nf6 24.Re3 Rd8 25.Kg3 Rd7 26.g5 Ng8 27.Bg4 Ne7 28.
b4 Nf5+ 29.Bxf5 Rxf5 30.Red3 b5 31.c5 Rfd5 32.h4 Rd8 33.Kf3 1/2-1/2